| 000 | 01616cam a2200421 4500 | ||
|---|---|---|---|
| 001 | ABS64688 | ||
| 008 | 011022n2001 000 0 eng u | ||
| 035 | _a(Sirsi) u115238 | ||
| 100 | _aMills, S. | ||
| 245 | _aLandlord and tenant update | ||
| 260 | _c2001 | ||
| 490 |
_aSolicitors' Journal _v145(35) 21 September 2001, 853-857(3) |
||
| 520 | _aProvides an update of legal cases affecting landlord and tenant law. Looks at notices served under the Landlord and Tenant Act 1954; forfeiture; distress; the Landlord and Tenant (Covenants) Act 1954; rent review; the Rent Act 1977; assured tenancies; and service charges. Case law. | ||
| 590 | _aABS | ||
| 650 | _aASSURED TENANCIES | ||
| 650 | _aLANDLORD AND TENANT LAW | ||
| 650 | _aBUSINESS TENANCIES | ||
| 650 | _aSERVICE CHARGES | ||
| 650 | _aRENT ACT 1977 | ||
| 650 | _aLANDLORD AND TENANT ACT 1954 | ||
| 650 | _aRENT REVIEWS | ||
| 650 | _aLANDLORD AND TENANT (COVENANTS) ACT 1995 | ||
| 650 | _aDISTRESS | ||
| 650 | _aFORFEITURE | ||
| 650 | _aSUNLIFE ASSURANCE PLC V RACAL TRACS LTD | ||
| 650 | _aVISCOUNT CHELSEA V MORRIS | ||
| 650 | _aBARCLAYS BANK PLC V BEE | ||
| 650 | _aBLAND V INGRAMS ESTATES LTD | ||
| 650 | _aFULLER V HAPPY SHOPPER MARKETS | ||
| 650 | _aBHP PETROLEUM GREAT BRITAIN LTD V CHESTERFIELD PROPERTIES LTD | ||
| 650 | _aSTARMARK ENTERPRISES V CPL DISTRIBUTION | ||
| 650 | _aSTIRLING V LEADENHALL RESIDENTIAL | ||
| 650 | _aBANKWAY PROPERTIES LTD V PENFOLD-DUNSFORD | ||
| 650 | _aR V LONDON LVT EX P DAEJAN PROPERTIES LTD | ||
| 690 |
_aLandlord and tenant _96252 |
||
| 700 | _aJoss, N. | ||
| 942 | _n0 | ||
| 999 |
_c68625 _d68625 |
||